=LDR 00000nam 2200000 4500 =001 INLIS000000000045633 =005 20150206085013.0 =006 =007 =008 =020 ##$$a 979-610803 8 =035 ##$$0010-021500000000193 =040 ##$$a NBPDMAT =082 ##$$a 530.07 =090 ##$$a 530.07 $b Ali t =100 ##$$a Ali Ofid Chalid =245 ##$$a Terobosan baru... Panduan lengkap praktikum Fisika SMA kelas X, XI dan XII / $c oleh Ali Ofid Chalid; penyunting Aficha =250 ##$$a Cet.1 =260 ##$$a Jakarta : $b Pustaka Widya Utama, $c 2013 =300 ##$$a140 hlm. : $b ilus. ; $c 25 cm. =500 ##$$a Bibliografi : hlm.139 =650 ##$$a Fisika SMA- Studi dan Pengajaran =700 ##$$a Aficha =850 ##$$a NBPDMAT =990 ##$$a 0001/BPAP-NTB/20142015